| 000 -LEADER |
| fixed length control field |
00364cam a22001097a 4500 |
| 008 - FIXED-LENGTH DATA ELEMENTS--GENERAL INFORMATION |
| fixed length control field |
180718b1958 xxu||||| |||| 00| 0 eng d |
| 082 ## - DEWEY DECIMAL CLASSIFICATION NUMBER |
| Classification number |
P43x42 |
| 245 ## - TITLE STATEMENT |
| Title |
Secondary education for all a new drive |
| Statement of responsibility, etc. |
by Ministry of Education, United Nation |
| 260 ## - PUBLICATION, DISTRIBUTION, ETC. |
| Place of publication, distribution, etc. |
London |
| Name of publisher, distributor, etc. |
Her Majesty's Stationery Office |
| Date of publication, distribution, etc. |
1958 |
| 300 ## - PHYSICAL DESCRIPTION |
| Extent |
10p |
| 700 ## - ADDED ENTRY--PERSONAL NAME |
| Personal name |
United Nation. Ministry of Education |